[Event "European Rapid 2017"]
[Site "Katowice POL"]
[Date "2017.12.16"]
[Round "3.34"]
[White "Bang, Andreas"]
[Black "Tregubov, Pavel V."]
[Result "0-1"]
[WhiteTitle "FM"]
[BlackTitle "GM"]
[WhiteElo "2287"]
[BlackElo "2575"]
[WhiteFideId "1400290"]
[BlackFideId "4115341"]
[EventDate "2017.12.16"]

1. Nf3 d5 2. c4 d4 3. g3 Nc6 4. Bg2 e5 5. O-O Nf6 6. d3 Bd6 7. Na3 O-O 8. Nc2
Re8 9. Rb1 a5 10. a3 Rb8 11. b4 axb4 12. axb4 b5 13. c5 Bf8 14. Bd2 h6 15. Ra1
Nd5 16. Re1 g6 17. Qc1 Kh7 18. Qb2 Bg7 19. Ra3 f5 20. e3 dxe3 21. fxe3 e4 22.
Nfd4 Ne5 23. dxe4 fxe4 24. Qb3 Nc4 25. Rd1 Bg4 26. Raa1 Qd7 27. Be1 c6 28. Bf2
Bxd1 29. Rxd1 Ra8 30. h3 Re7 31. Kh2 Qe8 32. Nxb5 cxb5 33. Rxd5 Qf7 0-1

[Event "European Rapid 2017"]
[Site "Katowice POL"]
[Date "2017.12.16"]
[Round "3.35"]
[White "Jussupow, Artur"]
[Black "Smolka, Marcin"]
[Result "0-1"]
[WhiteTitle "GM"]
[WhiteElo "2582"]
[BlackElo "2178"]
[WhiteFideId "4618777"]
[BlackFideId "1139681"]
[EventDate "2017.12.16"]

1. d4 d5 2. e3 Nf6 3. Bd3 Bg4 4. Ne2 Nbd7 5. c4 e6 6. Nbc3 c6 7. Qb3 Qb6 8. Ng3
Qxb3 9. axb3 e5 10. f3 Be6 11. O-O Bd6 12. c5 Bc7 13. b4 b5 14. f4 e4 15. Bxb5
Nb8 16. Ba4 Ke7 17. b5 Bd7 18. Bb3 a6 19. b6 Bd8 20. Ra5 Bc8 21. Na2 Nbd7 22.
Nf5+ Kf8 23. Nd6 Nxb6 24. cxb6 Bxb6 25. Ra3 Bg4 26. Nc3 Ra7 27. h3 Bd7 28. g4 g6
29. g5 Nh5 30. f5 Ng3 31. Rf2 gxf5 32. Kg2 Bc7 33. Kxg3 Bxd6+ 34. Kg2 Rg8 35.
Na4 Rxg5+ 36. Kf1 f4 37. exf4 Bxh3+ 38. Ke2 Rg1 39. Be3 Bxa3 40. bxa3 Rb7 41.
Nc5 Bg4+ 42. Kd2 Rxb3 43. Nxb3 Rd1+ 44. Kc2 Rd3 45. Bd2 h5 46. f5 h4 47. f6 h3
48. Rh2 Rg3 49. Bf4 Rd3 50. Rd2 Rf3 51. Be5 e3 52. Rh2 Rf2+ 53. Rxf2 exf2 54.
Nd2 Be2 55. Kc3 f1=Q 56. Nxf1 Bxf1 57. Kb4 Ke8 58. Kc5 Kd7 59. a4 Bc4 60. Kb6
Bd3 61. Kc5 Bc2 62. a5 Bd3 63. Kb6 Bb5 64. Kc5 Ke6 65. Kb4 Kf5 66. Kc5 Kg4 67.
Kd6 Kg5 68. Ke7 Kg6 69. Kd6 Ba4 70. Kc5 Kh7 71. Kb6 Bb5 72. Kc5 Kg8 73. Kd6 Kf8
74. Bf4 Ke8 75. Be5 Kf8 76. Bf4 Kg8 77. Be5 Kh7 78. Bh2 Kg6 79. Be5 h2 80. Bxh2
Kxf6 81. Kc5 Kf5 82. Kb4 Ke4 83. Kc3 Ke3 84. Bg1+ Ke2 85. Bh2 f5 86. Bf4 Kf3 87.
Bd6 Ke3 88. Bf8 f4 89. Bh6 Ke4 90. Kd2 Kxd4 91. Bxf4 Kc4 92. Bd6 d4 93. Ba3 Kd5
94. Bb2 c5 95. Ba3 Be8 96. Kc2 Kc4 97. Kd2 Bg6 98. Kc1 Kb5 99. Kd2 Bh7 100. Kc1
c4 101. Be7 c3 102. Bf6 Kc4 103. Bg5 d3 104. Bh6 Bg6 105. Bg5 Bh5 106. Bh6 Kb5 0-1

[Event "European Rapid 2017"]
[Site "Katowice POL"]
[Date "2017.12.16"]
[Round "3.36"]
[White "Hracek, Zbynek"]
[Black "Jablonicky, Martin"]
[Result "1-0"]
[WhiteTitle "GM"]
[BlackTitle "FM"]
[WhiteElo "2592"]
[BlackElo "2302"]
[WhiteFideId "300071"]
[BlackFideId "14925621"]
[EventDate "2017.12.16"]

1. e4 g6 2. d4 Bg7 3. Nc3 c6 4. f4 d5 5. e5 Nh6 6. Nf3 Bg4 7. Be3 f6 8. h3 Bxf3
9. Qxf3 O-O 10. Qe2 fxe5 11. dxe5 e6 12. O-O-O Nf5 13. Bf2 Bh6 14. g3 g5 15. Qh5
Qe8 16. Qg4 Qg6 17. Kb1 gxf4 18. gxf4 Ne7 19. Bd3 Qxg4 20. hxg4 Bxf4 21. Rxh7
Rf7 22. Rdh1 Bxe5 23. Rxf7 Kxf7 24. Rh7+ Kf8 25. Bc5 Bf6 26. Bg6 Nd7 27. Bxe7+
Bxe7 28. Rh8+ Kg7 29. Rxa8 Kxg6 30. Rxa7 Nc5 31. b4 Ne4 32. Nxe4 dxe4 33. Kc1
Bxb4 34. Rxb7 c5 35. a4 Kg5 36. Kd1 Kxg4 37. Ke2 Kf4 38. Rxb4 1-0

[Event "European Rapid 2017"]
[Site "Katowice POL"]
[Date "2017.12.16"]
[Round "3.37"]
[White "Chojnacki, Slawomir"]
[Black "Krasenkow, Michal"]
[Result "0-1"]
[BlackTitle "GM"]
[WhiteElo "2237"]
[BlackElo "2671"]
[WhiteFideId "1117076"]
[BlackFideId "1113100"]
[EventDate "2017.12.16"]

1. d4 d6 2. Nf3 Bg4 3. c3 Nd7 4. h3 Bh5 5. Qb3 Rb8 6. Bg5 h6 7. Bh4 g5 8. Bg3
Ngf6 9. Nbd2 Bg7 10. e3 Bg6 11. h4 g4 12. Ng1 h5 13. Ne2 Ne4 14. Nxe4 Bxe4 15.
Nf4 e5 16. Nd3 c5 17. dxc5 dxc5 18. O-O-O Qc7 19. Qa4 Bc6 20. Qxa7 O-O 21. Nxc5
Ra8 22. Na6 Qa5 23. Qc5 Nxc5 0-1

[Event "European Rapid 2017"]
[Site "Katowice POL"]
[Date "2017.12.16"]
[Round "3.38"]
[White "Mastrovasilis, Dimitrios"]
[Black "Semjonovs, Ilja"]
[Result "1-0"]
[WhiteTitle "GM"]
[WhiteElo "2582"]
[BlackElo "2233"]
[WhiteFideId "4202694"]
[BlackFideId "11604263"]
[EventDate "2017.12.16"]

1. e4 c5 2. Nf3 d6 3. d4 cxd4 4. Nxd4 Nf6 5. f3 e5 6. Nb3 d5 7. Bg5 Be6 8. Bxf6
gxf6 9. exd5 Qxd5 10. Qxd5 Bxd5 11. Nc3 Bb4 12. O-O-O Bc6 13. Nd5 Bxd5 14. Rxd5
a6 15. c3 Be7 16. Na5 Ra7 17. Bd3 O-O 18. Rd1 Nc6 19. Rd7 Bc5 20. Nxc6 bxc6 21.
Rxa7 Bxa7 22. Bxa6 Kh8 23. Bb7 Rg8 24. g3 Be3+ 25. Kc2 c5 26. a4 h5 27. a5 c4
28. Re1 Ba7 29. Re4 Bg1 30. a6 f5 31. Rxe5 h4 32. Rxf5 hxg3 33. Rh5+ Kg7 34.
Rg5+ Kf8 35. Rxg3 Rxg3 36. hxg3 Ke7 37. Bd5 f6 38. Bxc4 Kd6 39. Kd3 Kc7 40. Ke4 1-0

[Event "European Rapid 2017"]
[Site "Katowice POL"]
[Date "2017.12.16"]
[Round "3.39"]
[White "Karas, Marek"]
[Black "Miezis, Normunds"]
[Result "0-1"]
[WhiteTitle "FM"]
[BlackTitle "GM"]
[WhiteElo "2240"]
[BlackElo "2434"]
[WhiteFideId "14928558"]
[BlackFideId "11600136"]
[EventDate "2017.12.16"]

1. d4 Nf6 2. Bf4 c5 3. e3 e6 4. Nf3 b6 5. Nbd2 Bb7 6. Nc4 cxd4 7. exd4 d6 8. Bd3
Be7 9. O-O Na6 10. c3 Nc7 11. h3 Qd7 12. a4 Rc8 13. Ne3 h6 14. Qe2 g5 15. Bh2
Rg8 16. Nd2 h5 17. f3 Kf8 18. Ne4 Nfd5 19. Nxd5 Nxd5 20. Bb5 Qc7 21. Ba6 Bxa6
22. Qxa6 Rd8 23. a5 f5 24. axb6 axb6 25. Nd2 g4 26. fxg4 hxg4 27. hxg4 Rxg4 28.
Qe2 Rg6 29. Rf3 Kf7 30. Rg3 Rdg8 31. Rxg6 Rxg6 32. Rf1 Bg5 33. Rf3 Bxd2 34. Qxd2
b5 35. Qe2 Qc6 36. Rh3 Nf6 37. Qf3 Qa6 38. Qd1 Qa2 39. Qc1 Qd5 40. Qf1 Kg7 41.
Qf3 Qxf3 42. Rxf3 Ne4 43. Rf1 Kf6 44. Ra1 Rg8 45. Ra6 Rd8 46. Rb6 Kg5 47. Rxb5
Ra8 48. g3 Ra1+ 49. Kg2 Rc1 50. Kf3 Rh1 51. Kg2 Rd1 52. Kf3 Rd3+ 53. Kg2 Rd2+
54. Kg1 Kg4 55. c4 Kh3 0-1

[Event "European Rapid 2017"]
[Site "Katowice POL"]
[Date "2017.12.16"]
[Round "3.40"]
[White "Mikhalchishin, Adrian"]
[Black "Peterson, Emery"]
[Result "1-0"]
[WhiteTitle "GM"]
[WhiteElo "2479"]
[BlackElo "2168"]
[WhiteFideId "14602385"]
[BlackFideId "4610920"]
[EventDate "2017.12.16"]

1. Nf3 e6 2. c4 d5 3. d4 c6 4. Nbd2 f5 5. g3 Nf6 6. Bg2 Bd6 7. O-O O-O 8. Ne5
Bxe5 9. dxe5 Ng4 10. Nf3 Nd7 11. Bf4 h6 12. h4 Qe8 13. Qc2 g5 14. hxg5 hxg5 15.
Nxg5 Ngxe5 16. b3 Qe7 17. Rad1 Nf7 18. Nxf7 Rxf7 19. Qc1 Rh7 20. Qe3 Qf7 21. f3
Nf6 22. Kf2 Bd7 23. Rh1 b6 24. Be5 Re8 25. Qg5+ 1-0

[Event "European Rapid 2017"]
[Site "Katowice POL"]
[Date "2017.12.16"]
[Round "3.41"]
[White "Krainski, Aleksander"]
[Black "Stupak, Kirill"]
[Result "1-0"]
[WhiteTitle "FM"]
[BlackTitle "GM"]
[WhiteElo "2203"]
[BlackElo "2588"]
[WhiteFideId "1102400"]
[BlackFideId "13503758"]
[EventDate "2017.12.16"]

1. e4 e6 2. d4 d5 3. Nd2 Nc6 4. Ngf3 Nf6 5. e5 Nd7 6. c4 dxc4 7. Nxc4 Nb6 8. a3
Bd7 9. Bd3 Nxc4 10. Bxc4 Ne7 11. O-O Bc6 12. Bg5 h6 13. Be3 Qd7 14. Qe2 Nf5 15.
Rfd1 Be7 16. Bd3 O-O 17. Rac1 Rfd8 18. Bb1 Bf8 19. Ne1 Ba4 20. Rd2 Bb5 21. Qg4
g6 22. Bxf5 exf5 23. Qh3 Kh7 24. d5 Re8 25. Nf3 Bg7 26. e6 fxe6 27. dxe6 Qe7 28.
Bg5 Qxe6 29. Bxh6 Kg8 30. Bxg7 Kxg7 31. Rdd1 Re7 32. Nd4 Qe5 33. Qc3 Ba6 34. Re1 1-0

[Event "European Rapid 2017"]
[Site "Katowice POL"]
[Date "2017.12.16"]
[Round "3.42"]
[White "Tomczak, Jacek"]
[Black "Jarmula, Lukasz"]
[Result "1-0"]
[WhiteTitle "GM"]
[BlackTitle "IM"]
[WhiteElo "2588"]
[BlackElo "2463"]
[WhiteFideId "1124668"]
[BlackFideId "1160664"]
[EventDate "2017.12.16"]

1. e4 e6 2. d4 d5 3. Bd3 dxe4 4. Bxe4 Nf6 5. Bf3 Nbd7 6. Ne2 e5 7. Nbc3 Bd6 8.
Bg5 O-O 9. Qd2 exd4 10. Nxd4 Re8+ 11. Be2 h6 12. Bh4 Nc5 13. Ndb5 Be5 14. Qxd8
Rxd8 15. Nd1 Nce4 16. O-O g5 17. Bg3 Nxg3 18. hxg3 c6 19. Na3 Ne4 20. Nc4 Bf6
21. Re1 Be6 22. Na5 Nc5 23. Bc4 Rd2 24. Bxe6 Nxe6 25. Nc4 Rxc2 26. Nde3 Nd4 27.
Red1 Re2 28. Kf1 b5 29. Ng4 Bg7 30. Rxd4 Bxd4 31. Kxe2 bxc4 32. Rc1 Rb8 33. Rxc4
Rxb2+ 34. Kd3 Bxf2 35. Rxc6 Bxg3 36. Nxh6+ Kh7 37. Nxf7 Rxa2 38. Nxg5+ Kg7 39.
Ke4 Rxg2 40. Kf3 Rg1 41. Nh3 Bh2 42. Nxg1 Bxg1 43. Rc4 Kf6 44. Ke4 Ke6 45. Rc6+
Kd7 46. Kd5 Bb6 47. Rh6 Bd8 48. Rh7+ Be7 49. Rg7 a5 50. Rg6 a4 51. Ra6 a3 52.
Ra7+ Kd8 53. Ke6 Bc5 54. Ra5 Bb4 55. Ra4 Bc5 56. Kd5 Be7 57. Ke6 Bc5 58. Ra5 Bb4
59. Rb5 Bc3 60. Rd5+ Ke8 61. Rc5 1-0

[Event "European Rapid 2017"]
[Site "Katowice POL"]
[Date "2017.12.16"]
[Round "3.43"]
[White "Bach, Markus"]
[Black "Warakomski, Tomasz"]
[Result "0-1"]
[BlackTitle "GM"]
[WhiteElo "2175"]
[BlackElo "2537"]
[WhiteFideId "24603376"]
[BlackFideId "1124552"]
[EventDate "2017.12.16"]

1. d4 Nf6 2. Nf3 e6 3. g3 c5 4. Bg2 Nc6 5. O-O cxd4 6. Nxd4 Qb6 7. Nb3 Be7 8. a4
d5 9. a5 Qd8 10. c3 O-O 11. N1d2 Bd6 12. e4 Bc7 13. exd5 exd5 14. a6 bxa6 15. c4
Rb8 16. Nc5 Nb4 17. cxd5 Nfxd5 18. Nc4 Rb5 19. Na4 Bf5 20. Ne3 Nxe3 21. Bxe3 Nc2
22. Bc5 Nxa1 23. Qxa1 Re8 24. Bxa7 Rbe5 25. b3 Re2 26. Qc3 Be5 27. Qc4 Bd3 28.
Qg4 Bf6 29. Nc5 Bb5 30. Ne4 R2xe4 31. Bxe4 Bxf1 32. Kxf1 Qe7 33. Bd5 Qxa7 0-1

[Event "European Rapid 2017"]
[Site "Katowice POL"]
[Date "2017.12.16"]
[Round "3.44"]
[White "Bus, Konrad"]
[Black "Bosiocic, Marin"]
[Result "1-0"]
[BlackTitle "GM"]
[WhiteElo "2237"]
[BlackElo "2624"]
[WhiteFideId "1148362"]
[BlackFideId "14507927"]
[EventDate "2017.12.16"]

1. d4 d5 2. c4 e6 3. Nf3 a6 4. Qc2 dxc4 5. Qxc4 Nf6 6. Bf4 Bd6 7. Bxd6 cxd6 8.
e3 O-O 9. Be2 b5 10. Qb3 Bb7 11. Nc3 Nc6 12. O-O Na5 13. Qb4 Rc8 14. Rfc1 Bxf3
15. gxf3 Nc6 16. Qb3 Qb6 17. Ne4 Nxe4 18. fxe4 Rc7 19. a4 b4 20. Qc4 Rfc8 21.
Qxa6 Qb8 22. Bf1 Na5 23. Qxd6 b3 24. Rxc7 Qxc7 25. Qxc7 Rxc7 26. Bd3 g5 27. Kf1
h6 28. Ke2 f6 29. Kd2 Kf8 30. Rc1 Ra7 31. Bb5 Ke7 32. Rc8 f5 33. Rh8 Kd6 34.
exf5 Rf7 35. Ra8 Nb7 36. Ra7 Rc7 37. Bd3 exf5 1-0

[Event "European Rapid 2017"]
[Site "Katowice POL"]
[Date "2017.12.16"]
[Round "3.45"]
[White "Kantans, Toms"]
[Black "Flasinski, Michal"]
[Result "1-0"]
[WhiteTitle "GM"]
[WhiteElo "2484"]
[BlackElo "2218"]
[WhiteFideId "11602945"]
[BlackFideId "1117238"]
[EventDate "2017.12.16"]

1. e4 c6 2. d4 d5 3. exd5 cxd5 4. c4 Nf6 5. Nc3 e6 6. Nf3 Bb4 7. cxd5 Nxd5 8.
Bd2 Nc6 9. Bd3 Be7 10. O-O O-O 11. Re1 Nf6 12. Bf4 Nb4 13. Bb1 b6 14. a3 Nbd5
15. Be5 Bb7 16. Qd3 g6 17. h3 Rc8 18. Ne2 Re8 19. Ba2 Bf8 20. Rad1 Bg7 21. Ng3
Qd7 22. Qd2 Qb5 23. Ng5 Bh6 24. h4 Red8 25. Bxf6 Nxf6 26. Qf4 Bxg5 27. hxg5 Qc6
28. f3 Nd5 29. Qe5 Qc7 30. Ne4 Qxe5 31. dxe5 Rc2 32. Nf6+ Kg7 33. Bxd5 Bxd5 34.
b4 Ra2 35. Re4 Rc8 36. Rh4 Rcc2 37. Rxh7+ Kf8 38. Rh8+ 1-0

[Event "European Rapid 2017"]
[Site "Katowice POL"]
[Date "2017.12.16"]
[Round "3.46"]
[White "Batashevs, Arsens"]
[Black "Stocek, Jiri"]
[Result "0-1"]
[BlackTitle "GM"]
[WhiteElo "2139"]
[BlackElo "2566"]
[WhiteFideId "11603593"]
[BlackFideId "304760"]
[EventDate "2017.12.16"]

1. g3 d5 2. Bg2 e5 3. c4 dxc4 4. Qa4+ c6 5. Qxc4 Be6 6. Qc2 Nd7 7. Nc3 Ngf6 8.
d3 h6 9. Nf3 Bc5 10. O-O O-O 11. h3 Re8 12. Bd2 a5 13. Rad1 Rc8 14. Ne4 Nxe4 15.
dxe4 Qb6 16. Bc3 Qc7 17. Rd2 Bb4 18. Rfd1 Bxc3 19. Qxc3 f6 20. Nh4 Rcd8 21. Nf5
Nf8 22. b3 Rxd2 23. Qxd2 Ra8 24. Kh2 a4 25. b4 a3 26. e3 Qf7 27. Nd6 Qd7 28. Qc2
Rd8 29. Bf3 Qe7 30. Qd2 Rd7 31. Bg4 Bxg4 32. hxg4 Qe6 33. f4 Qxg4 34. f5 Nh7 35.
Qc2 Ng5 36. Qb3+ Kh7 37. Rd2 Qh3+ 38. Kg1 Nf3+ 0-1

[Event "European Rapid 2017"]
[Site "Katowice POL"]
[Date "2017.12.16"]
[Round "3.47"]
[White "Lupik, Marina"]
[Black "Michalik, Peter"]
[Result "0-1"]
[WhiteTitle "WIM"]
[BlackTitle "GM"]
[WhiteElo "2190"]
[BlackElo "2557"]
[WhiteFideId "4177495"]
[BlackFideId "14907526"]
[EventDate "2017.12.16"]

1. e4 c6 2. d4 d5 3. exd5 cxd5 4. Bd3 Nc6 5. c3 g6 6. Bf4 Bf5 7. Nf3 Bxd3 8.
Qxd3 Qb6 9. Qe2 Nf6 10. Na3 Bg7 11. O-O a6 12. Ne5 O-O 13. Rab1 Rfe8 14. Nc2 Ne4
15. Ne3 e6 16. f3 Nf6 17. Nxc6 bxc6 18. Be5 c5 19. dxc5 Qxc5 20. Kh1 Rec8 21.
Rfd1 Qb5 22. Qd2 h5 23. Nc2 Qa5 24. a3 Qd8 25. Nd4 Bf8 26. Qf2 Nd7 27. Bg3 Bg7
28. Bh4 g5 29. Bg3 h4 30. Bd6 Nb6 31. Bc5 Na4 32. Nb3 Rab8 33. Bb4 Nb6 34. Ba5
Qd6 35. Bb4 Qf4 36. Nc5 a5 37. Bxa5 Nc4 38. Bb4 h3 39. g3 Qf5 40. Nd3 e5 41. g4
Qg6 42. Nc5 e4 43. Rxd5 e3 44. Qe1 Qc2 45. Qf1 Rd8 46. Rc1 Qg2+ 47. Qxg2 hxg2+
48. Kxg2 Rxd5 49. Ne4 Nxb2 50. Rc2 Nd3 51. Kf1 Nf4 52. Ke1 Rbd8 53. Bd6 R8xd6
54. Nxd6 Rxd6 55. c4 Rb6 0-1

[Event "European Rapid 2017"]
[Site "Katowice POL"]
[Date "2017.12.16"]
[Round "3.48"]
[White "Laurusas, Tomas"]
[Black "Kaleta, Blazej"]
[Result "1-0"]
[WhiteTitle "IM"]
[WhiteElo "2423"]
[BlackElo "2110"]
[WhiteFideId "12803731"]
[BlackFideId "1170252"]
[EventDate "2017.12.16"]

1. d4 d5 2. c4 c6 3. Nf3 Nf6 4. Nc3 e6 5. Bg5 Nbd7 6. e3 Qa5 7. Nd2 dxc4 8. Bxf6
Nxf6 9. Nxc4 Qd8 10. Be2 Be7 11. O-O O-O 12. Bf3 Rb8 13. Qe2 Nd5 14. Rac1 b6 15.
Ne5 Bb7 16. Ne4 Rc8 17. a3 Rc7 18. Rc2 Qa8 19. Rfc1 Rfc8 20. h3 c5 21. dxc5 bxc5
22. Nd2 Nb6 23. Ndc4 Bd5 24. Bxd5 exd5 25. Nxb6 axb6 26. Rd1 Bd6 27. Nf3 Rd7 28.
Rcd2 Bc7 29. Nh4 Rcd8 30. Nf5 Be5 31. Qb5 Qb7 32. Rxd5 Rxd5 33. Rxd5 Qc7 34. Qc6
Qb8 35. b3 g6 36. Ne7+ Kg7 37. Rxd8 Qxd8 38. Nd5 Qf8 1-0

[Event "European Rapid 2017"]
[Site "Katowice POL"]
[Date "2017.12.16"]
[Round "3.49"]
[White "Colls Gelaberto, Emili"]
[Black "Jaracz, Pawel"]
[Result "0-1"]
[WhiteTitle "CM"]
[BlackTitle "GM"]
[WhiteElo "2093"]
[BlackElo "2465"]
[WhiteFideId "2209950"]
[BlackFideId "1102222"]
[EventDate "2017.12.16"]

1. Nf3 c5 2. c4 Nc6 3. d4 cxd4 4. Nxd4 Qb6 5. e3 Nf6 6. Nc3 e6 7. Be2 Be7 8. O-O
a6 9. b3 O-O 10. Bb2 d6 11. Qd2 Bd7 12. Rfd1 Rfd8 13. Rac1 Rac8 14. Bf1 Qa7 15.
Nxc6 Bxc6 16. Qd4 Qb8 17. g3 b5 18. cxb5 axb5 19. a4 bxa4 20. b4 e5 21. Qd2 Qxb4
22. Nb5 Qe4 23. Rxc6 Rxc6 24. Bg2 Qc2 25. Bxc6 Qxc6 26. Nc3 Ra8 27. Ba3 h5 28.
Nd5 Nxd5 29. Qxd5 Qxd5 30. Rxd5 f5 31. f3 Kf7 32. e4 Ke6 33. Kf2 Ra6 34. Ke3 Rb6
35. Rd3 g5 36. h3 fxe4 37. fxe4 g4 38. h4 Rb3 39. Rxb3 axb3 40. Kd3 Bd8 41. Bb4
Bb6 0-1

[Event "European Rapid 2017"]
[Site "Katowice POL"]
[Date "2017.12.16"]
[Round "3.50"]
[White "Olszewski, Michal"]
[Black "Piotrowski, Przemyslaw"]
[Result "1-0"]
[WhiteTitle "GM"]
[WhiteElo "2540"]
[BlackElo "2314"]
[WhiteFideId "1121251"]
[BlackFideId "1127063"]
[EventDate "2017.12.16"]

1. e4 c5 2. Nf3 d6 3. d4 cxd4 4. Nxd4 Nf6 5. Nc3 Nc6 6. Nde2 e5 7. g3 Be7 8. Bg2
O-O 9. O-O Be6 10. h3 Qd7 11. Kh2 Rab8 12. a4 Nb4 13. b3 d5 14. exd5 Nbxd5 15.
Bb2 Nb4 16. f4 Qxd1 17. Nxd1 exf4 18. Nxf4 Nxc2 19. Nxe6 fxe6 20. Rc1 Nb4 21.
Be5 Rbc8 22. Rxc8 Rxc8 23. Bxb7 Rc2+ 24. Rf2 Rc1 25. Rd2 Nfd5 26. Bb2 Rc7 27.
Bxd5 Nxd5 28. Nf2 Rb7 29. Rd3 Bb4 30. Be5 Rf7 31. Kg2 Bc5 32. Ne4 Ne3+ 33. Kh2
Bb6 34. b4 Nd5 35. Bd6 Rf1 36. a5 Be3 37. Kg2 Rb1 38. Kf3 Bh6 39. a6 g6 40. Bc5
Bf8 41. Bxa7 Nxb4 42. Rd7 Rb3+ 43. Kf2 Rb2+ 44. Kf3 Rb3+ 45. Ke2 Rb2+ 46. Ke1
Nd5 47. Bd4 Bb4+ 48. Kd1 Ra2 49. a7 e5 50. Rxd5 exd4 51. Rd8+ 1-0

[Event "European Rapid 2017"]
[Site "Katowice POL"]
[Date "2017.12.16"]
[Round "3.51"]
[White "Smolin, Sergey1"]
[Black "Mohr, Georg"]
[Result "0-1"]
[WhiteTitle "IM"]
[BlackTitle "GM"]
[WhiteElo "2153"]
[BlackElo "2473"]
[WhiteFideId "4131177"]
[BlackFideId "14600013"]
[EventDate "2017.12.16"]

1. e4 Nc6 2. Nc3 d6 3. g3 g6 4. Bg2 Bg7 5. Nge2 Nf6 6. O-O O-O 7. h3 e5 8. d3
Be6 9. f4 exf4 10. gxf4 Qd7 11. Kh2 d5 12. Ng3 dxe4 13. dxe4 Qxd1 14. Rxd1 Rad8
15. Be3 Rfe8 16. e5 Nd7 17. Nge4 Nb6 18. Nb5 Nd5 19. Bd2 a6 20. Nbc3 Nd4 21.
Nxd5 Bxd5 22. c3 Nf5 23. Bh1 f6 24. Be1 fxe5 25. Rxd5 Rxd5 26. Nf6+ Bxf6 27.
Bxd5+ Kg7 28. Bxb7 Rb8 29. Bxa6 Rxb2+ 30. Kg1 exf4 31. Bf2 Ne3 32. a4 Bxc3 33.
Rc1 Ba5 34. Bb5 Bb6 35. Ra1 Rxf2 36. Kxf2 Nc2+ 37. Kf3 Nxa1 38. Kxf4 Kf6 0-1

[Event "European Rapid 2017"]
[Site "Katowice POL"]
[Date "2017.12.16"]
[Round "3.52"]
[White "Bolsakovs, Vadims"]
[Black "Castellanos Rodriguez, Renier"]
[Result "0-1"]
[BlackTitle "IM"]
[WhiteElo "2128"]
[BlackElo "2501"]
[WhiteFideId "11601981"]
[BlackFideId "3404650"]
[EventDate "2017.12.16"]

1. d4 Nf6 2. Nf3 e6 3. c4 a6 4. g3 b5 5. b3 Bb7 6. Bg2 Be7 7. O-O O-O 8. Nc3 b4
9. Na4 d6 10. Re1 a5 11. Nd2 Bxg2 12. Kxg2 Nbd7 13. e4 e5 14. Nf3 Re8 15. Bb2
Bf8 16. Qc2 c5 17. dxc5 dxc5 18. Rad1 Qc7 19. Bc1 h6 20. h3 Qc6 21. Nd2 Bd6 22.
Nf1 Nf8 23. f3 Ne6 24. Ne3 Nd4 25. Qd3 Rad8 26. Nd5 Nd7 27. Be3 Bf8 28. Rf1 Qg6
29. Bxd4 cxd4 30. Nc7 Re7 31. Nd5 Ree8 32. Nc7 Re7 33. Nd5 Re6 34. Kh2 Bd6 35.
Rd2 Kh8 36. Rg2 Rf8 37. g4 Be7 38. Re2 Bg5 39. Qd1 h5 40. Nb2 Nc5 41. Nd3 Nxd3
42. Qxd3 h4 43. Kg2 Rd8 44. f4 exf4 45. Nxf4 Bxf4 46. Rxf4 Re5 47. Ref2 Rd7 48.
Rf5 Re8 49. R2f4 a4 50. bxa4 Kg8 51. a5 Qc6 52. Rd5 Rxd5 53. cxd5 Qc3 54. Rf3
Ra8 55. a6 Qc5 56. Rf2 Qc3 57. Rd2 Rxa6 58. Qxa6 Qxd2+ 59. Kf1 Qf4+ 60. Kg1 Qg3+
61. Kf1 Qxh3+ 62. Ke1 Qg3+ 63. Kd2 Qe3+ 64. Kd1 Qg1+ 65. Kd2 Qxg4 66. d6 h3 67.
e5 Qg2+ 68. Kc1 h2 69. Qc8+ Kh7 0-1

[Event "European Rapid 2017"]
[Site "Katowice POL"]
[Date "2017.12.16"]
[Round "3.53"]
[White "Arnaudov, G. Petar"]
[Black "Woloch, Oskar"]
[Result "1-0"]
[WhiteTitle "GM"]
[WhiteElo "2439"]
[BlackElo "2107"]
[WhiteFideId "2907127"]
[BlackFideId "1192116"]
[EventDate "2017.12.16"]

1. Nf3 c5 2. c4 Nc6 3. d4 cxd4 4. Nxd4 Nf6 5. Nc3 d5 6. Bf4 a6 7. e3 e6 8. Be2
Bb4 9. O-O O-O 10. Rc1 Re8 11. cxd5 exd5 12. Bf3 h6 13. h3 Ne5 14. Be2 Bd7 15.
Qb3 Qa5 16. a3 Bd6 17. Rfd1 Rac8 18. Qxb7 Rb8 19. Qxa6 Qxa6 20. Bxa6 Rxb2 21.
Ncb5 Bf8 22. Nc7 Re7 23. Rb1 Ra2 24. Ra1 Rxa1 25. Rxa1 Ba4 26. Ncb5 Nc4 27. Nc3
Ra7 28. Bb5 Bxb5 29. Ndxb5 Ra6 30. a4 Nb6 31. Nc7 Ra5 32. Be5 Ne4 33. Bd4 Nxc3
34. Bxb6 Rxa4 35. Rxa4 Nxa4 36. Bd4 Nc5 37. Bxc5 Bxc5 38. Nxd5 f5 39. g4 g6 40.
gxf5 gxf5 41. Kg2 Kf7 42. Kf3 Bd6 43. Nf4 Kf6 44. Ne2 Kg5 45. Nd4 Bh2 46. Ne6+
Kf6 47. Nf4 Kg5 48. Nd5 Bd6 49. Kg2 Kg6 50. Nc3 Be5 51. Ne2 Bd6 52. Nd4 Be5 53.
Nf3 Bd6 54. Kf1 f4 55. e4 Kf6 56. Kg2 Bc7 57. Ne1 Kg5 58. Nf3+ Kf6 59. Kf1 Bd6
60. Ke2 Bc5 61. Ne1 Kg5 62. Ng2 h5 63. Kf3 h4 64. Ne1 Bb4 65. Nd3 Bd2 66. Ke2
Bc3 67. Nc5 Be5 68. Kf3 Bd6 69. Ne6+ 1-0

[Event "European Rapid 2017"]
[Site "Katowice POL"]
[Date "2017.12.16"]
[Round "3.54"]
[White "Ovod, Evgenija"]
[Black "Rausis, Igors"]
[Result "1/2-1/2"]
[WhiteTitle "IM"]
[BlackTitle "GM"]
[WhiteElo "2364"]
[BlackElo "2632"]
[WhiteFideId "4131827"]
[BlackFideId "11600098"]
[EventDate "2017.12.16"]

1. d4 d5 2. Bf4 c5 3. e3 Nc6 4. c3 Nf6 5. Nd2 e6 6. Ngf3 Bd6 7. Bg3 O-O 8. Bb5
a6 9. Bxc6 bxc6 10. Qa4 Bxg3 11. hxg3 Qb6 12. Qc2 Rb8 13. b3 g6 14. Ne5 a5 15.
g4 a4 16. g5 Nd7 17. Nxd7 Bxd7 18. bxa4 e5 19. dxe5 Rfe8 20. f4 c4 21. Kf2 Bf5
22. Qc1 c5 23. Kf3 Qe6 24. Rh4 h5 25. gxh6 f6 26. g4 Bd3 27. Kg3 fxe5 28. Nf3
exf4+ 29. exf4 Qf6 30. g5 Qf5 31. Ne5 d4 32. Qd2 Kh7 33. Re1 Rbd8 34. Rh2 Rf8
35. Rf2 Kh8 36. Nc6 Rde8 37. cxd4 cxd4 38. Nxd4 Qd5 39. Qc3 Kh7 40. Rxe8 Rxe8
41. Ne6 Qd7 42. f5 Bxf5 43. Rxf5 gxf5 44. Nf4 Rg8 45. Qf6 Qe8 46. Qxf5+ Kh8 47.
Qf6+ Kh7 48. Qf5+ Kh8 49. g6 Qe3+ 50. Kg2 Qd2+ 51. Kf3 Qd1+ 52. Kg2 Qd2+ 53. Kh3
Qe3+ 54. Kg2 Qd2+ 55. Kg3 Qe3+ 56. Kg2 Qd2+ 1/2-1/2

[Event "European Rapid 2017"]
[Site "Katowice POL"]
[Date "2017.12.16"]
[Round "3.55"]
[White "Klekowski, Maciej"]
[Black "Goessler, Markus"]
[Result "1-0"]
[WhiteTitle "IM"]
[WhiteElo "2498"]
[BlackElo "2209"]
[WhiteFideId "1132717"]
[BlackFideId "1633260"]
[EventDate "2017.12.16"]

1. c4 Nf6 2. Nc3 e6 3. d4 Bb4 4. e3 d5 5. Nf3 O-O 6. Bd2 b6 7. Bd3 Bb7 8. O-O a6
9. Rc1 Nbd7 10. cxd5 exd5 11. Qc2 Re8 12. Ne2 Bd6 13. Ng3 g6 14. Bc3 Qe7 15. b3
h5 16. Ne5 h4 17. Ne2 Rac8 18. f4 Ne4 19. Be1 c5 20. Qd1 Nf8 21. Nf3 h3 22. gxh3
Ne6 23. Kh1 Ng7 24. Ng3 Nxg3+ 25. Bxg3 Qxe3 26. Re1 1-0